Normal view
MARC view
Entry Personal Name
001 - CONTROL NUMBER
- control field: 463581
003 - CONTROL NUMBER IDENTIFIER
- control field:
005 - DATE AND TIME OF LATEST TRANSACTION
- control field: 20210602132918.0
008 - FIXED-LENGTH DATA ELEMENTS
- fixed length control field: 210602|| aca||aabn | a|a d
040 ## - CATALOGING SOURCE
- Original cataloging agency:
- Transcribing agency:
100 ## - HEADING--PERSONAL NAME
- Personal name: Newman, Robert S.
- Fuller form of name: (Robert Samuel),
- Dates associated with a name: 1943-
670 ## - SOURCE DATA FOUND
- Source citation: Work cat.: (): Newman, Robert S. (Robert Samuel), 1943-, Of umbrellas, goddesses and dreams :, c2001
